Разделение изотопов: пер. с фр.анц

書誌詳細
第一著者: Шемля М. Мариус
その他の著者: Перье Ж. Жак
言語:ロシア語
出版事項: Москва, Атомиздат, 1980
主題:
フォーマット: 図書
KOHA link:https://koha.lib.tpu.ru/cgi-bin/koha/opac-detail.pl?biblionumber=36275

MARC

LEADER 00000nam0a2200000 4500
001 36275
005 20231031001612.0
035 |a (RuTPU)RU\TPU\book\36745 
090 |a 36275 
100 |a 20011210d1980 k y0rusy50 ca 
101 1 |a rus  |c fre 
102 |a RU 
105 |a a z 000zy 
200 1 |a Разделение изотопов  |e пер. с фр.анц  |f М. Шемля, Ж. Перье 
210 |a Москва  |c Атомиздат  |d 1980 
215 |a 169 с.  |c ил. 
320 |a Библиогр.: с. 167. 
610 1 |a физика 
610 1 |a изотопы 
610 1 |a теория 
610 1 |a разделение 
610 1 |a диффузия 
675 |a 621.039.3  |v 3 
700 1 |a Шемля  |b М.  |g Мариус 
701 1 |a Перье  |b Ж.  |g Жак 
801 0 |a RU  |b 63413507  |c 20011210  |g PSBO 
801 2 |a RU  |b 63413507  |c 20201008  |g PSBO 
900 |a Спецкурс 58 
900 |a Спецкурс 51 
900 |a Спецкурс 54 
900 |a Спецкурс 76 
900 |a Методы разделения и очистки веществ 
900 |a Разделение и очистка веществ обменными, мембранными и электрохимическими методами 
942 |c BK